• 首页
  • 本馆介绍
  • 公告通知
  • 最新文献
  • 馆藏检索
  • 电子资源
  • 读者导购
  • 参考咨询
  • 我的图书馆
  • 登录
  • 详细信息显示
  • 放入我的书架
  • 预约/预借图书
  • 作者相关作品
  • 分类相关作品
  • 丛书相关作品
  • 出版社相关作品

书目信息

  • 表格格式
  • 工作单格式
  • 卡片格式
题名:
中国儿童百科全书
    
 
作者:
分册:   军事体育
出版信息: 北京   中国大百科全书出版社  2019.01
页数: 111页
开本: 24cm
丛书名:
单 册:
中图分类: Z228.2 , E-49
科图分类:
主题词: 科学知识--ke xue zhi shi--青少年读物 , 军事--jun shi--青少年读物 , 体育--ti yu--青少年读物
电子资源:
ISBN: 978-7-5202-0375-3
000 01097nam 2200301 450
001 CAL 0120182658678
005 20230302191634.55
010    @a978-7-5202-0375-3@dCNY24.00
100    @a20190228d2019 cemy0chiy0120 ea
101 0  @achi
102    @aCN@b110000
105    @aa z 000yy
106    @ar
200 1  @a中国儿童百科全书@Azhong guo er tong bai ke quan shu@i军事体育
205    @a第2版
210    @a北京@c中国大百科全书出版社@d2019.01
215    @a111页@c彩图@d24cm
312    @a英文题名取自封面
330    @a本书分为军事和体育两个部分, 军事部分内容涵盖军制、军种、军服、武器等门类, 旨在让儿童了解军事知识, 树立正确的国防意识 ; 体育部分包括足球、篮球、乒乓球等常见的运动项目, 旨在让儿童了解体育知识, 掌握正确的运动方法。
510 1  @aChinese children's illustrated encyclopedia@zeng
517 1  @a军事体育@Ajun shi ti yu
606 0  @a科学知识@Ake xue zhi shi@j青少年读物
606 0  @a军事@Ajun shi@j青少年读物
606 0  @a体育@Ati yu@j青少年读物
690    @aZ228.2@v5
690    @aE-49@v5
801  0 @aCN@bBJXHZP@c20230228
905    @b1379789-92@dZ228.2@e246=2@f4
    
    中国儿童百科全书.军事体育.-第2版.-北京:中国大百科全书出版社,2019.01
    111页:彩图;24cm
    
    
    ISBN 978-7-5202-0375-3:CNY24.00
    本书分为军事和体育两个部分, 军事部分内容涵盖军制、军种、军服、武器等门类, 旨在让儿童了解军事知识, 树立正确的国防意识 ; 体育部分包括足球、篮球、乒乓球等常见的运动项目, 旨在让儿童了解体育知识, 掌握正确的运动方法。
●
相关链接 在E读中查询图书 在五车中查询图书 在当当中查询图书 在豆瓣中查询图书


正题名:中国儿童百科全书     索取号:Z228.2/246=2         预约/预借

序号 登录号 条形码 馆藏地/架位号 状态 备注
1 1379789   213797890   第二样本阅览室/ [索取号:Z228.2/246=2] 在馆    
2 1379790   213797907   第三借阅区/ [索取号:Z228.2/246=2] 在馆    
3 1379791   213797916   第三借阅区/ [索取号:Z228.2/246=2] 在馆    
4 1379792   213797925   第三借阅区/ [索取号:Z228.2/246=2] 在馆    
唐山师范学院图书馆 欢迎您!
大连网信软件有限公司© 版权所有